MDQL
is popping MORE tags! Check the
thread
!
Quizzes
Events
Quiz Creation
Community
Videos
Private Events
Remove Ads
Sign In
Join for FREE
Feedback
Dark Mode
Quiz Categories
Sports
Geography
Music
Movies
Television
Just For Fun
Miscellaneous
History
Literature
Language
Science
Gaming
Entertainment
Religion
Holiday
For Kids
Quiz Lab
Recent
Popular Today
Quiz Kudos Today
Editor Picks
Curator Picks
Quizzes by...
Day
Popularity
Type
Ratings
Length
Year
Community
Subscriptions
Recent Discussions
Orange Saloon
Badges
Playlists
Quests
Create
Leaderboards
Showdown
Live 5
Trivia Bingo
Activity
Puzzle Library
Sporcle Events
Private Events
Virtual Trivia
Globe League
Become a Host
Pub Owners
SporcleCon
Opinionation
Our Games
Videos
Blog
Mobile Apps
Partnerships
Remove Ads and Go Orange
Feedback
Language
Vocabulary
Begins and Ends
Definition
Spanish
French
German
Italian
Chinese
Latin
Translation
Japanese
Language
Vocabulary
Begins and Ends
Definition
Spanish
French
German
Italian
Chinese
Latin
Translation
Japanese
Random Quiz
Search Sporcle
×
Quiz Lab
Quiz Lab
Language
French
Select answers by clicking on text or image buttons
Select answers by clicking on text or image buttons
Clickable
Best Score? Go Orange.
French Verbs with Prepositions Stats
Can you pick the prepositions?
By
Gameater14
10m
103 Questions
2,432 Plays
2,432 Plays
2,432 Plays
Comments
Comments
Give Quiz Kudos
Give Quiz Kudos
-
- Ratings
hide this ad
Forced Order
Answers have to be entered in order
Answers have to be entered in order
Random Order
Randomize order of answers
Randomize order of answers
Replay
Link that replays current quiz
Next Quiz
Link to next quiz in quiz playlist
You Got
0%
They Got
Avg Score
56%
Avg Friend Score
Upgrade to see
Score Distribution
Jump to the score distribution portion of the page
Score
0/103
Timer
10:00
0
Plays Today
% Correct
de
64%
de
63.4%
de
63.1%
de
62.6%
de
62.5%
de
62.5%
de
62.5%
de
62.4%
de
62.4%
de
62.3%
de
62.3%
de
62.3%
de
62.3%
de
62.2%
de
62.2%
de
62.1%
de
62.1%
de
62.1%
de
62.1%
de
62%
de
62%
de
61.9%
de
61.9%
de
61.8%
de
61.8%
de
61.8%
de
61.8%
de
61.8%
de
61.8%
de
61.8%
de
61.7%
de
61.7%
de
61.7%
de
61.6%
de
61.5%
% Correct
de
61.5%
de
61.4%
de
61.4%
de
61.3%
de
61.3%
de
61.3%
de
61.3%
de
61.3%
de
61.3%
de
61.2%
de
61.1%
de
61.1%
de
61.1%
de
61.1%
de
61.1%
de
60.9%
de
60.9%
de
60.8%
de
60.8%
de
60.8%
de
60.7%
de
60.7%
de
60.5%
de
60.5%
de
60.4%
de
60.2%
de
60.2%
de
59.6%
à
54.5%
à
54.2%
à
54.2%
à
54.2%
à
54%
à
53.7%
à
53.5%
% Correct
à
53.5%
à
53.4%
à
53.3%
à
53.3%
à
53.2%
à
53.1%
à
53%
à
52.8%
à
52.8%
à
52.7%
à
52.6%
à
52.6%
à
52.6%
à
52.5%
à
52.4%
à
52.4%
à
52.2%
à
51.9%
à
51.9%
à
51.9%
à
51.7%
à
51.7%
à
51.5%
à
51.4%
à
51.2%
qn à
37.3%
qn à
36.8%
qn à
36.7%
qn à
36%
qn à
35.9%
qn à
35.4%
qn à
34.9%
qn à
34.6%
Quiz Playlist
Details
Report
Send in Message
Add To Playlist
Clickable:
Select answers by clicking on text or image buttons
Forced Order:
Answers have to be entered in order
Random Order:
Randomize order of answers
Last Updated: Feb 16, 2017
Quiz Scoreboard
CHALLENGE
Sign Up to Join the Scoreboard
Show All
Scores
Hide
Comments
May contain spoilers
Recently Published
Image Sorting: Flags VI
by Barbecue
Geography
2m
Find the 'City' Movie
by crazypaving
Movies
60s
Colored Red Africa Blitz
by spor1
Geography
45s
More to Explore
Quiz From the Vault
Featured Blog Post
14 Easter Pick-up Lines to Find Eggs With
hide this ad
You Might Also Like...
Tags
Clickable Quiz
French Quiz
preposition
Verb
Today's Top Quizzes in Language
Browse Language
hide this ad
Today's Top Quizzes in French
Browse French
Top Contributed Quizzes in Language
1
What Word Starts All?
2
1-10 Letter F Words III
3
Arabic Numerals
4
1-10 Letter G Words III
5
1-10 Letter H Words III
6
Weisst du, aus welchen Sprachen diese Wörter stammen?
7
1-10 Letter I Words III
8
Harry Potter book 6 chapters: English & Greek
9
1-10 Letter J Words III
10
Celtic Nations in their Language
Explore More
Trending Topics
Marvel
Kpop
Crossword
NBA
Anime
Disney
Harry Potter
The Office
NFL
Song
Pokémon
Soccer
Puzzle
Country
WWE
hide this ad
More By:
Gameater14
Quiz
Plays
Rating
Category
Featured
Created
German Verbs: Haben and Sein
6,623
4.33
Language
Oct 19, 2013
French Irregular subjunctive verb endings
3,598
Language
Jan 17, 2013
French Verbs with Prepositions
2,432
4.00
Language
Jan 17, 2013
Gender of French Nouns by ending
1,668
3.00
Language
Sep 30, 2011
French Immigration Vocabulary - Integration
171
Language
Dec 24, 2012
Go to Creator's Profile
Score Distribution
Quiz Creator Spotlight
Gameater14
Follow
Send a Message
Quizzes Created
-
Created Quiz Play Count
-
More By This Creator
Popular Quizzes Today
1
Colored Red Africa Blitz
2
Find the US States - No Outlines Minefield
3
Find the 'City' Movie
4
5x2 Blitz: Bands
5
The Countries of the World
6
Find the US States
7
Find the Countries of Europe - No Outlines Minefield
8
US States
More Language Quizzes
Complete the US State with a 3-Letter Definition
Editor's Pick
Trending Quizzes
Colored Red Europe Blitz I
Colored Red Europe Blitz II
Colored Red Africa Blitz II
Colored Red Europe Blitz III
Colored Red Africa Blitz III
Recently Updated
How Do You Spell That?
pecheneg
Godzilla Movies
pecheneg
Grab Bag: 4-10 Letters
pecheneg
2024 March Madness Bracket
pecheneg
Famous TV Couples
Peacemaker
Champions League XIs: Real Madrid
pecheneg
Largest US Cities 1790-2010
pecheneg
Rides in Walt Disney World
pecheneg
Most Oscar Losses (Acting)
pecheneg
Beyoncé Albums
pecheneg
Trending Topics
Marvel
Harry Potter
Anime
Crossword
Kpop
Disney
NBA
The Office
Country
NFL
WWE
Pokémon
Puzzle
Soccer
Song
Your Account Isn't Verified!
In order to create a playlist on Sporcle, you need to verify the email address you used during registration. Go to your
Sporcle Settings
to finish the process.
Report this User
Report this user for behavior that violates our
Community Guidelines
.
Details:
Send Report
Go to the Sporcle.com Mobile Site →
Comments